Lo bello y los sublime; la paz perpetua

Gespeichert in:
Bibliographische Detailangaben
1. Verfasser: Kant, Manuel
Format: Buch
Sprache:Undetermined
Veröffentlicht: Madrid, España Espasa Calpe 1946
Ausgabe:7
Schlagworte:
Tags: Tag hinzufügen
Keine Tags, Fügen Sie den ersten Tag hinzu!

MARC

LEADER 00000nam a2200000Ia 4500
008 170316s9999 xx 000 0 und d
090 |a 100 K-1L 
100 |a Kant, Manuel 
245 |a Lo bello y los sublime; la paz perpetua 
250 |a 7 
260 |a Madrid, España 
260 |b Espasa Calpe 
260 |c 1946 
300 |a 159 páginas 
650 |a FILOSOFÍA 
999 |c 16664  |d 16664 
040 |a cru BVZT 
942 |c 15 D  |h 100 K-1L  |2 z